Koncepcia rozvoja služieb

Gespeichert in:
Bibliographische Detailangaben
1. Verfasser: Michalová, Valéria
Format: Buchkapitel
Sprache:Slowakisch
Schlagworte:
Tags: Tag hinzufügen
Keine Tags, Fügen Sie das erste Tag hinzu!

MARC

LEADER 00000naa$a2200000$$$4500
001 0086342
005 20240502071958.4
041 0 |a slo 
044 |a SK 
245 1 0 |a Koncepcia rozvoja služieb  |c Valéria Michalová 
610 2 0 |a služby 
610 2 0 |a zamestnanosť 
610 2 0 |a konferencie 
100 1 |a Michalová, Valéria